banner-ar

بين الفيزياء و الفلسفة / (Record no. 61125)

MARC details
000 -الفاتح
حقل البيانات ثابتة الطول 01260nam a22003137a 4500
005 - وقت وتاريخ اخر تعامل مع التسجيلة
رقم الضبط 20240530110445.0
008 - عناصر البيانات ثابتة الطول - معلومات عامة
حقل البيانات ثابتة الطول 150427s2010 ua g b 000 0cara d
017 ## - رقم الايداع القانونى
رقم الايداع القانونى 2010/21288
المصدر ( الهيئة المختصة) مصر . دار الكتب المصرية
020 ## - الرقم الدولى المعيارى للكتب
الرقم الدولى المعيارى للكتاب 9789774216926
040 ## - مصدر الفهرسة
وكالة الفهرسة الأصلية EG-CaGPL
082 04 - رقم تصنيف ديوى العشرى
رقم الطبعة 21
رقم التصنيف 128\
رقم المادة ف ب
100 1# - المدخل الرئيسى - إسم شخصى
الإسم الشخصى فرانك ، فيليب
الشكل الأكمل للاسم فيليب فرانك
245 10 - بيان العنوان
العنوان بين الفيزياء و الفلسفة /
بيان المسئوليه,etc فيليب فرانك ؛ ترجمة محمد العبد ؛ مراجعة السيد عطا
250 ## - بيان الطبعة
بيان الطبعة ط1
260 ## - PUBLICATION, DISTRIBUTION, ETC. (IMPRINT)
تاريخ النشر أو التوزيع 2010 .
300 ## - الوصف المادى
التعداد 182 ص ؛
أبعاد الوعاء 24 سم
490 0# - بيان السلسلة
عنوان السلسلة الالف كتاب الثانى : نافذة على الثقافة العالمية
650 04 - المدخل الاضافى بالموضوع-مصطلح موضوعى
مصطلح موضوعي العلوم
650 04 - المدخل الاضافى بالموضوع-مصطلح موضوعى
مصطلح موضوعي الفيزياء
التقسيم الفرعي العام قوانين
650 04 - المدخل الاضافى بالموضوع-مصطلح موضوعى
مصطلح موضوعي الفيزياء
التقسيم الفرعي العام نظرية الكم
650 04 - المدخل الاضافى بالموضوع-مصطلح موضوعى
مصطلح موضوعي فلسفة الطبيعة
650 04 - المدخل الاضافى بالموضوع-مصطلح موضوعى
مصطلح موضوعي الفيزياء
التقسيم الفرعي العام نظريات
650 04 - المدخل الاضافى بالموضوع-مصطلح موضوعى
مصطلح موضوعي الفيزياء
700 0# - المدخل الاضافى - اسم شخصى
الإسم الشخصى محمد العبد
الدور مترجم
700 0# - المدخل الاضافى - اسم شخصى
الإسم الشخصى السيد عطا
الدور مراجع
942 ## - عناصر المدخل الإضافي( كوها)
مصدر التصنيف او مخطط الترفيف Dewey Decimal Classification
Koha [default] item type كتاب
260 ## - PUBLICATION, DISTRIBUTION, ETC. (IMPRINT)
-- القاهرة :
-- الهيئة المصرية العامة للكتاب ،
505 ## - تبصرة محتويات-الفهرس
تبصرة المحتويات المصاغة يشتمل على ارجاعات ببليوجرافية
Holdings
حالة التراجع حالة الفقد حالة تلف ليس للاعارة المكان المؤقت الموقع الحالى تاريخ الاكتساب اجمالي اﻻعارات رقم الطلب الباركود تاريخ اخر مشاهدة تاريخ تفعيل السعر نوع وعاء كوها
        مكتبة القاهرة الكبرى مكتبة القاهرة الكبرى 04/27/2015   128\ ف ب 160349 04/27/2015 04/27/2015 كتاب

Powered By

EGPV